| 000 | 00683nam a2200169Ia 4500 | ||
|---|---|---|---|
| 008 | 090201s9999 xx 000 0 und d | ||
| 010 | _aKPL-63845 | ||
| 040 | _bमराठी | ||
| 041 | _aमराठी | ||
| 082 |
_a1396 _b63845 |
||
| 100 | _aश्रीकृष्ण अनंत जकातदार | ||
| 245 |
_aज्योतिषशास्त्राचा ओनामा भाग 1व2 _cश्रीकृष्ण अनंत जकातदार |
||
| 260 |
_c2004 _bपराग प्रकाशन |
||
| 300 |
_a264 _bमोठा |
||
| 600 | _aज्योतिषशास्त्राचा ओनामा भाग 1व2 | ||
| 942 | _cBOOK | ||
| 999 |
_c202485 _d202485 |
||